[Event "DEPOSITO RAIO DO SOL"]
[Site "http://www.queenalice.com/game.php?id=1568970"]
[Date "2019.4.29"]
[Round "-"]
[White "sorim"]
[Black "zubarev"]
[Result "1-0"]
[WhiteElo "1798"]
[BlackElo "1653"]

1. d4 d5 2. c4 Nf6 3. Nf3 e6 4. e3 Bb4+ 5. Nbd2 O-O 6. a3 Be7 7. Bd3 Bd7 8. O-O
c6 9. b4 Bd6 10. Ne5 Bxe5 11. dxe5 Ne8 12. Qh5 g6 13. Qh3 f6 14. Bb2 f5 15. f4
a5 16. Bc3 Qe7 17. g4 fxg4 18. Qxg4 Ng7 19. Rf3 Nf5 20. Rh3 Be8 21. e4 dxe4 22.
Nxe4 Nd7 23. Ng5 h6 24. Ne4 Kh7 25. Rf1 h5 26. Ng5+ Kh6 27. Bxf5 Rxf5 28. Ne4
Nb6 29. Nf6 Bf7 30. c5 Nc4 31. Be1 Ne3 32. Qe2 Nxf1 33. Bh4 Qf8 34. Qxf1 Rd8 35.
Kh1 Rd4 36. Bg5+ Kg7 37. Qg1 Rd2 38. Nxh5+ Kg8 39. Nf6+ Rxf6 40. Bxf6 Qg7 41.
Bxg7 Kxg7 42. Qg5 axb4 43. Qf6+ 1-0

[Event "AUTO-ADV-4172"]
[Site "http://www.queenalice.com/game.php?id=1569253"]
[Date "2019.4.29"]
[Round "1"]
[White "altair"]
[Black "sorim"]
[Result "0-1"]
[WhiteElo "1711"]
[BlackElo "1875"]

1. e4 c5 2. d3 Nc6 3. a3 d6 4. h3 Nf6 5. Nf3 g6 6. Be2 Bg7 7. Nc3 O-O 8. O-O d5
9. exd5 Nxd5 10. Nxd5 Qxd5 11. c4 Qd6 12. Rb1 a6 13. Bd2 b5 14. Ng5 Bb7 0-1

[Event "AUTO-ADV-4172"]
[Site "http://www.queenalice.com/game.php?id=1569254"]
[Date "2019.4.29"]
[Round "1"]
[White "sorim"]
[Black "altair"]
[Result "1-0"]
[WhiteElo "1865"]
[BlackElo "1721"]

1. d4 d5 2. c4 e6 3. Nf3 h6 4. Nc3 a6 5. e3 Nf6 6. Bd3 Bd6 7. O-O O-O 8. c5 Be7
9. b4 Nc6 10. Rb1 b6 11. a4 a5 12. b5 Na7 13. c6 Bd6 14. Nd2 1-0

[Event "AUTO-ADV-4172"]
[Site "http://www.queenalice.com/game.php?id=1569267"]
[Date "2019.4.29"]
[Round "1"]
[White "sorim"]
[Black "jambalaya"]
[Result "1-0"]
[WhiteElo "1808"]
[BlackElo "1877"]

1. d4 d6 2. c4 e5 3. Nf3 e4 4. Ng5 Bf5 5. g4 Bg6 6. Qb3 b6 7. Nc3 Nh6 8. Ncxe4
Bxe4 9. Nxe4 g6 10. g5 Ng8 11. h4 h5 12. Rh3 Bg7 13. Re3 Ne7 14. Nf6+ Kf8 15.
Bg2 c6 16. Bd2 Bxf6 17. gxf6 Nf5 18. Re4 Qxf6 19. Bg5 Qg7 20. O-O-O Kg8 21. Bh3
Nh6 22. Bc8 Kh7 23. Bb7 Nd7 24. Bxa8 Rxa8 25. Re7 Nf6 26. Qf3 Nf5 27. Qxc6 Nxe7
28. Qxa8 Nf5 29. Qxa7 Ne4 30. f3 Nxg5 31. hxg5 Ne3 32. Rd3 Nxc4 33. b3 Na5 34.
Qxb6 1-0

[Event "AUTO-ADV-4172"]
[Site "http://www.queenalice.com/game.php?id=1569268"]
[Date "2019.4.29"]
[Round "1"]
[White "jambalaya"]
[Black "sorim"]
[Result "1-0"]
[WhiteElo "1862"]
[BlackElo "1849"]

1. Nf3 d5 2. e3 c5 3. b3 Nc6 4. Bb5 a6 5. Be2 Nf6 6. d3 e5 7. O-O Bd6 8. Bb2 O-O
9. c4 d4 10. e4 Ne8 11. Bc1 f5 12. Bg5 Nf6 13. Nh4 fxe4 14. Nd2 exd3 15. Bxd3
Qe8 16. Bf5 Qh5 17. Qxh5 Nxh5 18. Be4 h6 19. Ng6 hxg5 20. Bd5+ Rf7 21. Ne4 Bc7
22. Nxg5 Nd8 23. Ne7+ Kf8 24. Ng6+ Ke8 25. Nxf7 Nxf7 26. f4 exf4 27. Rae1+ Kd8
28. Bxf7 Nf6 29. Nxf4 Bxf4 30. Rxf4 Bd7 31. Be6 Bxe6 32. Rxe6 Kd7 33. Re1 Rc8
34. Rf2 Rc6 35. Rfe2 Ng8 36. Re8 Rc8 37. Rxc8 1-0

[Event "AUTO-ADV-4172"]
[Site "http://www.queenalice.com/game.php?id=1569269"]
[Date "2019.4.29"]
[Round "1"]
[White "sorim"]
[Black "Canaye"]
[Result "1-0"]
[WhiteElo "1758"]
[BlackElo "1855"]

1. d4 e6 2. c4 d5 3. Nf3 c5 4. e3 Nc6 5. Nc3 cxd4 6. Nxd4 Bb4 7. Nxc6 bxc6 8.
Bd2 Ne7 9. a3 Bxc3 10. Bxc3 O-O 11. Be2 Ba6 12. O-O Bxc4 13. Bxc4 dxc4 14. Qxd8
Raxd8 15. Rfd1 Nd5 16. Bd4 f6 17. Bxa7 Ra8 18. Bc5 Rfd8 19. Rac1 Ra5 20. Bb6
Rda8 21. Bxa5 Rxa5 22. Rxc4 c5 23. e4 Nf4 24. Kf1 Kf7 25. Rd7+ Kg6 26. g3 Nh3
27. Kg2 Ng5 28. h4 Nf7 29. h5+ Kxh5 30. Rxf7 Kg6 31. Rc7 f5 32. e5 h5 33. R4xc5
Ra4 34. Rc4 Ra5 35. f4 Rd5 36. b4 Rd2+ 37. Kh3 Rd1 38. R4c6 Rh1+ 39. Kg2 Ra1 40.
Rxe6+ Kh7 41. Ra6 Ra2+ 42. Kh3 Rd2 43. Raa7 Rd1 44. Rxg7+ Kh6 45. Rh7+ Kg6 46.
Rag7# 1-0

[Event "AUTO-ADV-4172"]
[Site "http://www.queenalice.com/game.php?id=1569270"]
[Date "2019.4.29"]
[Round "1"]
[White "Canaye"]
[Black "sorim"]
[Result "0-1"]
[WhiteElo "1822"]
[BlackElo "1780"]

1. d4 Nf6 2. c4 e6 3. Nc3 c5 4. d5 a6 5. e4 Bd6 6. Nf3 Qc7 7. Bd3 O-O 8. O-O Ng4
9. h3 Nh2 10. Nxh2 Bxh2+ 11. Kh1 Be5 12. f4 Bd4 13. e5 exd5 14. Nxd5 Qd8 15. Rb1
d6 16. exd6 Qxd6 17. b3 Be6 18. Be4 Nc6 19. Qc2 h6 20. f5 Bxd5 21. Bxd5 Nb4 22.
Qe4 Nxd5 23. Qxd5 Qxd5 24. cxd5 Rad8 25. Bb2 Rxd5 26. Bxd4 cxd4 27. g4 d3 28.
Rbd1 Rc8 29. Rf3 d2 30. Kg1 Rc1 31. Rff1 Rc2 32. a3 Rd3 33. Kg2 Rxb3 34. Rf3
Rbb2 35. Kg3 Rc1 36. Rff1 Rbb1 37. Rxd2 Rxf1 38. Rd8+ Kh7 39. Rd7 f6 40. h4 Rb3+
41. Kg2 Ra1 42. Rd2 Raxa3 43. g5 hxg5 44. hxg5 Rg3+ 45. Kf2 Rxg5 46. Rb2 Rxf5+
47. Kg2 b5 48. Kg1 Rg3+ 49. Rg2 Rxg2+ 50. Kxg2 b4 0-1

[Event "sorim2019"]
[Site "http://www.queenalice.com/game.php?id=1570030"]
[Date "2019.5.6"]
[Round "1"]
[White "sorim"]
[Black "ketchuplover"]
[Result "1-0"]
[WhiteElo "1846"]
[BlackElo "1910"]

1. d4 d5 2. c4 c6 3. Nf3 Nf6 4. Nc3 e6 5. e3 Be7 6. Bd3 O-O 7. O-O Nbd7 8. a3 b6
9. Qc2 Ba6 10. b3 dxc4 11. bxc4 Re8 12. Rd1 Nf8 13. Ng5 h6 14. Nh3 Qc7 15. Nf4
e5 16. Nfe2 e4 17. Nxe4 Nxe4 18. Bxe4 Bf6 19. Bf3 Rad8 20. c5 Bxe2 21. Bxe2 b5
22. Bd2 Bxd4 23. Rab1 Bf6 24. a4 bxa4 25. Qxa4 Ne6 26. Bb4 g5 27. Bf3 Rxd1+ 28.
Rxd1 Rc8 29. Rd6 Be7 30. Rxc6 Qd7 31. Rxc8+ Qxc8 32. Qxa7 Bxc5 33. Bxc5 Qxc5 34.
Qxc5 Nxc5 35. h4 gxh4 36. Kh2 Nd3 37. Kg1 f5 38. Be2 Nc5 39. Kh2 Kg7 40. f3 Kg6
41. Kh3 Nd7 42. Kxh4 Ne5 43. Kg3 h5 44. f4 Nc6 45. Kh4 1-0

[Event "Challenge"]
[Site "http://www.queenalice.com/game.php?id=1570534"]
[Date "2019.5.11"]
[Round "-"]
[White "tche_elvio"]
[Black "sorim"]
[Result "0-1"]
[WhiteElo "1422"]
[BlackElo "1778"]

1. d4 Nf6 2. c4 e6 3. Nc3 d5 4. a3 c5 5. e3 Nc6 6. cxd5 exd5 7. dxc5 Bxc5 8. Bb5
a6 9. Bxc6+ bxc6 10. Nf3 O-O 11. O-O Bg4 12. h3 Bh5 13. b4 Ba7 14. Bb2 Qd6 15.
Na4 Bb8 16. Be5 Bxf3 17. Qxf3 Qxe5 18. Nc5 Qh2# 0-1

[Event "Challenge"]
[Site "http://www.queenalice.com/game.php?id=1570535"]
[Date "2019.5.11"]
[Round "-"]
[White "Danado"]
[Black "sorim"]
[Result "0-1"]
[WhiteElo "1682"]
[BlackElo "1745"]

1. e4 e5 2. h3 Nf6 3. d3 d5 4. exd5 Nxd5 5. a3 Nc6 6. Nf3 Bd6 7. d4 O-O 8. Bg5
f6 9. Be3 Nxe3 10. fxe3 e4 11. Nfd2 Bg3+ 12. Ke2 f5 13. Nf3 exf3+ 14. gxf3 f4
15. Qd3 Bf5 16. Qc4+ Kh8 17. Rg1 Re8 18. e4 Nxd4+ 0-1

[Event "Challenge"]
[Site "http://www.queenalice.com/game.php?id=1570536"]
[Date "2019.5.11"]
[Round "-"]
[White "flanny"]
[Black "sorim"]
[Result "0-1"]
[WhiteElo "1733"]
[BlackElo "1834"]

1. e4 e5 2. Qh5 Nc6 3. Bc4 g6 4. Qf3 Nf6 5. c3 Bg7 6. Nh3 O-O 7. b4 d6 8. a4 Ne7
9. d4 exd4 10. Bg5 Bg4 11. Qd3 Bxh3 12. Qxh3 Nxe4 13. O-O Nxg5 14. Qd3 d5 15.
Bb3 dxc3 16. Nxc3 Ne4 17. Rad1 Nxc3 18. Rd2 d4 19. b5 c6 20. bxc6 Nxc6 21. Re1
Qb6 22. Rb2 Qc7 23. g3 Ne5 24. Qe4 Rae8 25. Kh1 Nc4 26. Qd3 Rxe1+ 27. Kg2 Qc6+
28. Kh3 Nxb2 29. Qxd4 Bxd4 0-1

[Event "Challenge"]
[Site "http://www.queenalice.com/game.php?id=1570539"]
[Date "2019.5.11"]
[Round "-"]
[White "sorim"]
[Black "marcomasao"]
[Result "1-0"]
[WhiteElo "1827"]
[BlackElo "1987"]

1. d4 d5 2. c4 dxc4 3. Nf3 Bf5 4. Nc3 Nf6 5. e3 e6 6. Bxc4 Nc6 7. O-O Bd6 8. Nb5
a6 9. Nxd6+ Qxd6 10. Nh4 g5 11. Nxf5 exf5 12. Qb3 Na5 13. Bxf7+ Kd8 14. Qe6 Rf8
15. Qxd6+ cxd6 16. Be6 Nh5 17. Bd2 Nc6 18. Bd5 Nf6 19. Bf3 g4 20. Be2 Ne4 21.
Rfd1 h5 22. Be1 h4 23. Rdc1 Kd7 24. a4 Rg8 25. b4 Raf8 26. b5 Nb8 27. Ra2 f4 28.
Rac2 f3 29. Rc7+ Ke6 30. Bd3 Ng5 31. Rxb7 axb5 32. Bxb5 fxg2 33. Kxg2 h3+ 34.
Kh1 Ne4 35. Rc2 g3 36. hxg3 Ng5 37. Rcc7 Rf7 38. Bc4+ d5 39. Rb6+ Kf5 40. Rxf7+
Nxf7 41. Bxd5 Rf8 42. Bxf7 Nd7 43. Be6+ Ke4 44. Bxd7 1-0

[Event "sorim2019"]
[Site "http://www.queenalice.com/game.php?id=1584249"]
[Date "2019.9.22"]
[Round "3"]
[White "Danado"]
[Black "sorim"]
[Result "1-0"]
[WhiteElo "1716"]
[BlackElo "1813"]

1. e4 e5 2. d4 exd4 3. Qxd4 Nc6 4. Qe3 Nf6 5. Bd3 b6 6. Nf3 Bc5 7. Qe2 O-O 8.
O-O Bb7 9. Bg5 h6 10. Bxf6 Qxf6 11. c3 Rae8 12. Nbd2 d5 13. b4 dxe4 14. Bxe4 Bd6
15. Qd3 Ne5 16. Nxe5 Bxe5 17. Bxb7 Bxc3 18. Rad1 1-0

[Event "AUTO-ADV-4172"]
[Site "http://www.queenalice.com/game.php?id=1585030"]
[Date "2019.9.28"]
[Round "2"]
[White "Amag"]
[Black "sorim"]
[Result "1-0"]
[WhiteElo "2057"]
[BlackElo "1868"]

1. e4 e5 2. Bc4 Bc5 3. Nf3 Nf6 4. Nc3 Nc6 5. a3 O-O 6. O-O d6 7. d3 Be6 8. Bg5
h6 9. Bxf6 Qxf6 10. Nd5 Qd8 11. b4 Bb6 12. c3 1-0

[Event "AUTO-ADV-4172"]
[Site "http://www.queenalice.com/game.php?id=1585031"]
[Date "2019.9.28"]
[Round "2"]
[White "sorim"]
[Black "Amag"]
[Result "0-1"]
[WhiteElo "1793"]
[BlackElo "2065"]

1. d4 Nf6 2. Nf3 e6 3. Bg5 Be7 4. Nc3 Nd5 5. Bxe7 Qxe7 6. e4 Nxc3 7. bxc3 d5 8.
e5 c5 9. a4 c4 10. Qb1 O-O 11. Qb4 Nc6 12. Qxe7 Nxe7 0-1

[Event "AUTO-ADV-4172"]
[Site "http://www.queenalice.com/game.php?id=1585034"]
[Date "2019.9.28"]
[Round "2"]
[White "worldwide"]
[Black "sorim"]
[Result "1-0"]
[WhiteElo "1811"]
[BlackElo "1860"]

1. Nf3 d5 2. d4 Nf6 3. e3 Bg4 4. Be2 e6 5. O-O Bd6 6. Nbd2 O-O 7. b3 c5 8. Bb2
Nc6 9. dxc5 Bxc5 10. h3 Bh5 11. Ne5 Bxe2 12. Qxe2 Nd7 13. Nxc6 bxc6 14. Qg4 e5
15. a4 Nf6 16. Qg5 Nd7 17. Qg3 1-0

[Event "AUTO-ADV-4172"]
[Site "http://www.queenalice.com/game.php?id=1585035"]
[Date "2019.9.28"]
[Round "2"]
[White "sorim"]
[Black "worldwide"]
[Result "0-1"]
[WhiteElo "1887"]
[BlackElo "1812"]

1. d4 g6 2. Nf3 Bg7 3. c4 Nf6 4. Nc3 O-O 5. e3 d5 6. cxd5 Nxd5 7. e4 Nxc3 8.
bxc3 Bg4 9. h3 Bxf3 10. Qxf3 Nc6 11. Bb5 Qd6 12. e5 Nxe5 13. dxe5 Qxe5+ 14. Qe2
Qxc3+ 0-1

[Event "AUTO-ADV-4172"]
[Site "http://www.queenalice.com/game.php?id=1585038"]
[Date "2019.9.28"]
[Round "2"]
[White "sorim"]
[Black "jambalaya"]
[Result "0-1"]
[WhiteElo "1827"]
[BlackElo "1883"]

1. d4 d6 2. c4 c5 3. dxc5 Qa5+ 4. Nc3 Qxc5 5. e3 g6 6. Nf3 Bg7 7. Bd2 a6 8. Be2
Nf6 9. O-O O-O 10. a3 Bg4 11. b4 Qc7 12. Rc1 Nc6 13. h3 Be6 14. e4 Rad8 0-1

[Event "AUTO-ADV-4172"]
[Site "http://www.queenalice.com/game.php?id=1585039"]
[Date "2019.9.28"]
[Round "2"]
[White "jambalaya"]
[Black "sorim"]
[Result "1-0"]
[WhiteElo "1868"]
[BlackElo "1842"]

1. Nf3 d5 2. g3 Nf6 3. Bg2 Nc6 4. e3 e5 5. d3 Bg4 6. h3 Bh5 7. O-O Bd6 8. g4 Bg6
9. Nfd2 e4 10. d4 Qe7 11. a3 h5 12. g5 Nd7 13. h4 Nb6 14. b4 1-0